000 00710nam a2200181Ia 4500
008 100921s9999 xx 000 0 und d
082 _b2441
_a891.463 थ 73
100 _aकवठेकर दत्त रघुनाथ.
245 _aमला सोबत हवीय फक्त सोबत.
260 _bकुलकर्णी ग्रंथागार,पुणे.
_c1973
300 _a168
_b---
365 _b10
520 _aललित-कादंबरी.
630 _aमला सोबत हवीय फक्त सोबत.
650 _aललित-कादंबरी.
730 _aमला सोबत हवीय फक्त सोबत.
942 _cBOOK
999 _c751554
_d751551